[Event "Kieler Open 2017-B"]
[Site "Kiel"]
[Date "2017.07.31"]
[Round "5.5"]
[White "Werner, René"]
[Black "Schulze, Lukas"]
[Result "1-0"]
[WhiteElo "1874"]
[BlackElo "1408"]
[Annotator "FS"]
[PlyCount "75"]

1. c4 Nf6 2. g3 e5 3. Bg2 Nc6 4. Nc3 b6 5. Nf3 Rb8 6. O-O Bb7 7. d3 Bc5 8. a3
O-O 9. b4 Bd4 10. Bb2 Bxc3 11. Bxc3 Re8 12. b5 Nd4 13. Nxd4 Bxg2 14. Kxg2 exd4
15. Bxd4 Qe7 16. e3 c6 17. Qf3 cxb5 18. Bxf6 Qxf6 19. Qxf6 gxf6 20. cxb5 Rbc8
21. Rfc1 Rc5 22. Rxc5 bxc5 23. Rc1 d6 24. Rc4 Rb8 25. a4 Rb6 26. d4 cxd4 27.
Rxd4 Kg7 28. Rc4 Rb7 29. Kf3 Rd7 30. Kf4 Kg6 31. g4 Re7 32. h4 h6 33. Rd4 Rd7
34. h5+ Kg7 35. Ke4 Kf8 36. Kd5 Ke7 37. Kc6 Ke6 38. Re4# 1-0

[Event "Kieler Open 2017-B"]
[Site "Kiel"]
[Date "2017.07.31"]
[Round "5.6"]
[White "Jung, Ingo"]
[Black "Aden, Tönjes"]
[Result "1-0"]
[WhiteElo "1648"]
[BlackElo "1390"]
[Annotator "FS"]
[PlyCount "79"]

1. e4 e5 2. Nf3 Nc6 3. Bb5 Nf6 4. O-O a6 5. Ba4 b5 6. Bb3 Bc5 7. c3 Nxe4 8. Bd5
Nxf2 9. Rxf2 Bxf2+ 10. Kxf2 O-O 11. d4 h6 12. Nxe5 Qh4+ 13. Kg1 Bb7 14. Nf3 Qh5
15. Be4 d5 16. Bc2 Rae8 17. Bf4 Re7 18. Nbd2 Rfe8 19. Bd3 Bc8 20. Qc2 Qg4 21.
Bg3 g6 22. Rf1 Kg7 23. Ne5 Nxe5 24. Bxe5+ Kh7 25. Rf4 Qd7 26. Nb3 Qc6 27. Qf2
f5 28. Rf3 Qb6 29. h4 h5 30. Kh2 a5 31. Qg3 Rf7 32. Qg5 Kg8 33. Rg3 Kh7 34. Bf4
Re6 35. Qh6+ Kg8 36. Be5 Rh7 37. Qg5 Kf7 38. Bxf5 Rxe5 39. Bxg6+ Kf8 40. Qxe5
1-0

[Event "Kieler Open 2017-B"]
[Site "Kiel"]
[Date "2017.07.31"]
[Round "5.7"]
[White "Koch, Ralf-Johannes"]
[Black "Müller, Bodo"]
[Result "1-0"]
[WhiteElo "1787"]
[BlackElo "1449"]
[Annotator "FS"]
[PlyCount "50"]

1. e4 e6 2. d3 d5 3. Nd2 Nf6 4. g3 Nc6 5. Bg2 Bc5 6. Ngf3 dxe4 7. dxe4 e5 8. h3
O-O 9. O-O a5 10. Qe2 Qe7 11. Nb3 Ba7 12. Bg5 Be6 13. Kh2 Rad8 14. Nbd2 Nb8 15.
Nc4 Bxc4 16. Qxc4 Bb6 17. Rad1 Rxd1 18. Rxd1 Bxf2 19. Bxf6 gxf6 20. Qe2 Bb6 21.
Nh4 Kh8 22. Nf5 Qc5 23. Nh6 Qe3 24. Qh5 Bc5 25. h4 Nc6 1-0

[Event "Kieler Open 2017-B"]
[Site "Kiel"]
[Date "2017.07.31"]
[Round "5.9"]
[White "Gerull, Dirk"]
[Black "Bahr, Arne"]
[Result "0-1"]
[WhiteElo "1558"]
[BlackElo "1667"]
[Annotator "FS"]
[PlyCount "46"]

1. d4 g6 2. Bf4 Bg7 3. e3 d6 4. Nf3 Nd7 5. c3 Ngf6 6. Qc2 O-O 7. Nbd2 Qe8 8.
Bd3 e5 9. dxe5 Nxe5 10. Bxe5 dxe5 11. O-O-O Bd7 12. Ng5 Ba4 13. b3 Bb5 14. c4
Bc6 15. Nde4 Nxe4 16. Bxe4 f5 17. Bxc6 Qxc6 18. e4 Rad8 19. Kb1 Rd4 20. exf5
gxf5 21. Nf3 Rxd1+ 22. Rxd1 e4 23. Ne1 Qf6 0-1

[Event "Kieler Open 2017-B"]
[Site "Kiel"]
[Date "2017.07.31"]
[Round "5.10"]
[White "Fuhrmann, Bahne"]
[Black "Paolella, Finnley"]
[Result "1/2-1/2"]
[WhiteElo "1508"]
[BlackElo "1633"]
[Annotator "FS"]
[PlyCount "70"]

1. e4 e5 2. Nf3 Nc6 3. Bc4 Bc5 4. c3 Nf6 5. d3 d6 6. Nbd2 O-O 7. O-O h6 8. Bb3
Re8 9. h3 Be6 10. Re1 Qd7 11. Nf1 Rad8 12. Bc2 d5 13. exd5 Qxd5 14. Ng3 Bb6 15.
Be3 Qd6 16. Qd2 Bxe3 17. Rxe3 Bc8 18. Nh4 Nd5 19. Ngf5 Bxf5 20. Nxf5 Qf6 21.
Rf3 Nf4 22. Ne3 Qe6 23. Ng4 h5 24. Bb3 Qg6 25. Ne3 Rxd3 26. Qc2 Red8 27. Kh2
R8d7 28. Bc4 Rd2 29. Qxg6 Nxg6 30. Rg3 Kf8 31. Rf3 Na5 32. Be6 Re7 33. Bd5 Rd7
34. Be6 Re7 35. Bd5 Rd7 1/2-1/2

[Event "Kieler Open 2017-B"]
[Site "Kiel"]
[Date "2017.07.31"]
[Round "5.11"]
[White "Viol, Joshua"]
[Black "Weck, Uwe"]
[Result "1-0"]
[WhiteElo "1612"]
[BlackElo "1618"]
[Annotator "FS"]
[PlyCount "81"]

1. e4 c5 2. Nf3 d6 3. Bb5+ Bd7 4. Bxd7+ Nxd7 5. b3 e6 6. Bb2 Ngf6 7. d3 h6 8.
O-O e5 9. Nc3 a6 10. a4 Be7 11. Nd2 O-O 12. Nc4 Rb8 13. f4 Nb6 14. Ne3 Qc7 15.
a5 Nbd7 16. Ncd5 Qd8 17. Qf3 exf4 18. Qxf4 Nh5 19. Qf3 Ndf6 20. g4 Nxd5 21.
Nxd5 Nf6 22. Nxf6+ gxf6 23. Bxf6 Bxf6 24. Qxf6 Kh7 25. Qf5+ Kg7 26. Rf3 Qg5 27.
Raf1 Rbe8 28. Qxg5+ hxg5 29. Rf6 Re6 30. Rxe6 fxe6 31. Rxf8 Kxf8 32. h4 gxh4
33. Kg2 Kg7 34. Kh3 d5 35. exd5 exd5 36. Kxh4 Kg6 37. g5 d4 38. Kg4 Kg7 39. Kf5
Kf7 40. Ke5 Kg6 41. Kd5 1-0

[Event "Kieler Open 2017-B"]
[Site "Kiel"]
[Date "2017.07.31"]
[Round "5.12"]
[White "Zechel, Rolf-Rüdiger"]
[Black "Stegert, Jonas"]
[Result "1-0"]
[WhiteElo "1707"]
[BlackElo "1320"]
[Annotator "FS"]
[PlyCount "75"]
[WhiteTeam "SK Kaltenkirchen"]
[BlackTeam "TuS Holtenau"]

1. d4 Nf6 2. Nf3 g6 3. Bf4 Bg7 4. e3 O-O 5. Be2 d6 6. h3 Nh5 7. Bh2 f5 8. c4
Nc6 9. Nc3 Re8 10. O-O e6 11. d5 exd5 12. cxd5 Ne7 13. Rc1 a6 14. Qc2 Nf6 15.
Rfd1 b5 16. b4 Bb7 17. Ng5 Nexd5 18. Nxd5 Nxd5 19. Bf3 Qxg5 20. Bxd5+ Bxd5 21.
Rxd5 Rac8 22. Qc6 Ra8 23. Qxc7 Rec8 24. Qxc8+ Rxc8 25. Rxc8+ Kf7 26. Bxd6 Qf6
27. Rd1 Qb2 28. Rc7+ Kf6 29. Bf4 Bf8 30. Rc6+ Kf7 31. Rxa6 Qxb4 32. Ra7+ Ke8
33. Kh2 Qb2 34. Bg3 Qc2 35. Rdd7 Qc8 36. Rxh7 Qd8 37. Rab7 Bd6 38. Rh8+ 1-0

[Event "Kieler Open 2017-B"]
[Site "Kiel"]
[Date "2017.07.31"]
[Round "5.13"]
[White "Dao, Joerg"]
[Black "Möller, Rainer"]
[Result "1-0"]
[WhiteElo "1489"]
[BlackElo "1414"]
[Annotator "FS"]
[PlyCount "71"]
[WhiteTeam "Neumünster"]
[BlackTeam "SV Büsum"]

1. h4 e5 2. e4 Nf6 3. f3 Be7 4. g3 Nc6 5. c3 d5 6. d3 dxe4 7. dxe4 Qxd1+ 8.
Kxd1 Be6 9. b4 O-O-O+ 10. Kc2 h5 11. a4 a6 12. Na3 Bd7 13. Nc4 Na7 14. Nxe5
Rhf8 15. Be3 Kb8 16. Nh3 Nc6 17. Nc4 Be6 18. Ng5 Nd7 19. Nxe6 fxe6 20. f4 Bd6
21. b5 Bc5 22. Bxc5 Nxc5 23. bxc6 b6 24. e5 Ne4 25. Rg1 Nc5 26. Nd2 Rd5 27. Bc4
Rdd8 28. Nf3 Ne4 29. Rg2 g6 30. Bxa6 Rd5 31. Bd3 Nc5 32. Bxg6 Rfd8 33. Nd4 Na6
34. Bxh5 Rc5 35. Nxe6 Nb4+ 36. Kb3 1-0

[Event "Kieler Open 2017-B"]
[Site "Kiel"]
[Date "2017.07.31"]
[Round "5.14"]
[White "Steinbach, Julian"]
[Black "Salwasser, Christian"]
[Result "0-1"]
[WhiteElo "1274"]
[BlackElo "1658"]
[Annotator "FS"]
[PlyCount "84"]
[WhiteTeam "SK Doppelbauer Kiel"]
[BlackTeam "SC Rastatt"]

1. d4 d5 2. c4 e6 3. Nf3 Nf6 4. Nc3 c5 5. cxd5 Nxd5 6. e4 Nxc3 7. bxc3 cxd4 8.
cxd4 Nc6 9. Bb5 Qa5+ 10. Bd2 Qxb5 11. Rb1 Qd3 12. Rb3 Qxe4+ 13. Re3 Qd5 14. O-O
Qxa2 15. Ng5 Be7 16. Rf3 Bxg5 17. Bxg5 Qd5 18. Rg3 h6 19. Qh5 Rg8 20. Re1 hxg5
21. Rxg5 Qxd4 22. Rd1 Qf6 23. Rg3 a5 24. Rgd3 a4 25. Qb5 Ra5 26. Rd8+ Ke7 27.
R8d7+ Bxd7 28. Rxd7+ Kxd7 29. Qxb7+ Kd6 30. Qb1 Rd5 31. Qc1 a3 32. Qxa3+ Kd7
33. g3 Rb8 34. Qe3 Qe5 35. Qf3 Qf5 36. Qe3 Rd1+ 37. Kg2 Qd5+ 38. f3 Qd2+ 39.
Qxd2+ Rxd2+ 40. Kh3 Rh8+ 41. Kg4 Rd4+ 42. f4 Ne5+ 0-1

[Event "Kieler Open 2017-B"]
[Site "Kiel"]
[Date "2017.07.31"]
[Round "5.15"]
[White "Howe, Dietrich"]
[Black "Hogreve, Holger"]
[Result "1-0"]
[WhiteElo "1508"]
[BlackElo "1496"]
[Annotator "FS"]
[PlyCount "87"]
[WhiteTeam "SK Kaltenkirchen"]
[BlackTeam "Eckernförder SC"]

1. Nf3 d5 2. c4 Nf6 3. cxd5 Qxd5 4. Nc3 Qa5 5. g3 Bg4 6. Bg2 Bxf3 7. Bxf3 c6 8.
O-O e6 9. d3 Bd6 10. Bd2 Qc7 11. e4 Nbd7 12. Rc1 O-O 13. Nb5 Qb8 14. Nxd6 Qxd6
15. Bc3 Qe7 16. Qe2 Rfe8 17. Rfd1 Rad8 18. d4 h6 19. a3 Nb8 20. Bb4 Qd7 21. e5
Nd5 22. Bd2 Qe7 23. Bh5 Rf8 24. Qg4 f5 25. Qg6 f4 26. Bg4 Rde8 27. Bh5 Rd8 28.
h4 Nd7 29. Bf3 N7b6 30. Be4 Rf5 31. Bxf5 exf5 32. Qxf5 Rf8 33. Qg4 Qf7 34. Rf1
Nc8 35. Rce1 Nce7 36. Qd7 Qg6 37. Kh2 Qc2 38. Bxf4 Qxb2 39. Qe6+ Kh8 40. Rb1
Qxa3 41. Rxb7 Qc3 42. Rxe7 Nxf4 43. gxf4 Rxf4 44. Rxg7 1-0

[Event "Kieler Open 2017-B"]
[Site "Kiel"]
[Date "2017.07.31"]
[Round "5.17"]
[White "Rempe, Mieke"]
[Black "Solodky, Willy"]
[Result "1/2-1/2"]
[WhiteElo "1393"]
[BlackElo "1395"]
[Annotator "FS"]
[PlyCount "58"]
[WhiteTeam "SK Doppelbauer Kiel"]
[BlackTeam "Itzehoer SV"]

1. e4 e5 2. Nf3 Nc6 3. Bb5 a6 4. Ba4 Nf6 5. O-O Be7 6. Re1 b5 7. Bb3 d6 8. c3
Na5 9. Bc2 c5 10. d4 Qc7 11. h3 O-O 12. Nbd2 Nc6 13. d5 Nb8 14. Nf1 Nbd7 15.
Ng3 Re8 16. Qd2 Nf8 17. Rd1 Ng6 18. h4 Nf4 19. Nxe5 dxe5 20. d6 Bxd6 21. Qxd6
Ne6 22. Qxc7 Nxc7 23. Be3 Ne6 24. Rd6 Ng4 25. Re1 Nxe3 26. Rxe3 c4 27. Re1 Nf4
28. Ne2 Nh5 29. Red1 Be6 1/2-1/2

[Event "Kieler Open 2017-B"]
[Site "Kiel"]
[Date "2017.07.31"]
[Round "5.18"]
[White "Keir, Robin"]
[Black "Stolzenwald, Frank"]
[Result "1-0"]
[WhiteElo "1594"]
[BlackElo "1448"]
[Annotator "FS"]
[PlyCount "87"]
[WhiteTeam "VSF Flintbek"]
[BlackTeam "Hamburger SK"]

1. d4 Nf6 2. Nf3 d6 3. c4 Bf5 4. Nc3 c6 5. Bf4 Nbd7 6. e3 Nb6 7. Bd3 Bg6 8. O-O
e6 9. Re1 Nh5 10. Bg5 f6 11. Bh4 Bxd3 12. Qxd3 g5 13. Bg3 Nxg3 14. hxg3 d5 15.
cxd5 cxd5 16. Qb5+ Qd7 17. Qxd7+ Kxd7 18. b3 a6 19. Rac1 Bb4 20. Re2 Bxc3 21.
Rxc3 Rac8 22. Rec2 Rxc3 23. Rxc3 Rc8 24. Rxc8 Nxc8 25. a3 h5 26. Nd2 Nd6 27. f3
h4 28. gxh4 gxh4 29. e4 Nb5 30. exd5 Nxd4 31. dxe6+ Kxe6 32. Kf2 b5 33. a4 b4
34. g4 h3 35. Kg3 h2 36. Kxh2 Ke5 37. Kg2 a5 38. Nc4+ Kf4 39. Nxa5 Nxf3 40. Nc6
Kxg4 41. Nxb4 Ne5 42. a5 f5 43. a6 Nd7 44. Nd5 1-0

[Event "Kieler Open 2017-B"]
[Site "Kiel"]
[Date "2017.07.31"]
[Round "5.19"]
[White "Schwerdt, Karsten"]
[Black "Voges, Jens Christian"]
[Result "1-0"]
[WhiteElo "951"]
[BlackElo "1250"]
[Annotator "FS"]
[PlyCount "47"]
[WhiteTeam "SV Bad Schwartau"]
[BlackTeam "Braunschweiger Sfr"]

1. e4 e6 2. d3 d6 3. Nc3 Nf6 4. Bg5 Be7 5. Be2 O-O 6. h3 a6 7. Nf3 b5 8. O-O
Bb7 9. a3 c5 10. Qd2 Nc6 11. Nd1 h6 12. Bh4 Nd7 13. Bg3 e5 14. Ne3 Bg5 15. Nxg5
Qxg5 16. h4 Qd8 17. c3 Ne7 18. Bf3 Bc8 19. h5 f5 20. Bh4 Qe8 21. exf5 Nxf5 22.
Bd5+ Kh8 23. Nxf5 Rxf5 24. Bxa8 1-0

[Event "Kieler Open 2017-B"]
[Site "Kiel"]
[Date "2017.07.31"]
[Round "5.20"]
[White "Mandelkow, Lukas"]
[Black "Höfken, Fynn-Lukas"]
[Result "1-0"]
[WhiteElo "1240"]
[BlackElo "792"]
[Annotator "FS"]
[PlyCount "101"]
[WhiteTeam "TuRa Harksheide"]
[BlackTeam "Raisdorfer SG"]

1. d4 d5 2. e3 Nf6 3. Bd3 Nc6 4. c3 e6 5. f4 Bd6 6. Nf3 O-O 7. O-O Ne4 8. Nbd2
Nxd2 9. Bxd2 Qf6 10. Ne5 g6 11. Rf3 Bxe5 12. fxe5 Qg5 13. e4 Qh5 14. exd5 exd5
15. Rg3 Qxd1+ 16. Rxd1 f6 17. Bh6 Rf7 18. Re1 Na5 19. exf6 Bd7 20. Bg7 Nc4 21.
Bxc4 dxc4 22. Rge3 c6 23. Re7 Rd8 24. R1e3 b5 25. b3 cxb3 26. axb3 a6 27. b4
Rxe7 28. Rxe7 h5 29. Bh6 Be8 30. Rg7+ Kf8 31. Rd7+ Kg8 32. Rxd8 Kf7 33. Kf2
Kxf6 34. Rxe8 Kf7 35. Rc8 Ke6 36. Rxc6+ Kd5 37. Rxa6 Kc4 38. Rc6+ Kb3 39. d5 g5
40. d6 g4 41. d7 g3+ 42. hxg3 h4 43. Kf3 hxg3 44. d8=Q Ka4 45. c4 Kb3 46. Re6
Kxb4 47. cxb5 Kxb5 48. Re7 Kc5 49. Rc7+ Kb6 50. Qb8+ Ka6 51. Ra7# 1-0

[Event "Kieler Open 2017-B"]
[Site "Kiel"]
[Date "2017.07.31"]
[Round "5.23"]
[White "Salwasser, Andrej"]
[Black "Limper, Cornelia"]
[Result "1-0"]
[WhiteElo "1081"]
[BlackElo "1295"]
[Annotator "FS"]
[PlyCount "53"]
[WhiteTeam "SC Rastatt"]
[BlackTeam "Schach-Drachen Isernhagen"]

1. e4 b6 2. Nf3 Bb7 3. Nc3 e6 4. d4 Bb4 5. Bd2 Bxc3 6. Bxc3 Bxe4 7. Bc4 Bb7 8.
O-O Nf6 9. Bb4 d6 10. Bb5+ Bc6 11. Bxc6+ Nxc6 12. Bc3 O-O 13. Re1 Re8 14. b4
Nd5 15. Bd2 a6 16. c3 Nf6 17. Bg5 h6 18. Bh4 d5 19. Ne5 Nxe5 20. dxe5 g5 21.
Bg3 Ne4 22. Qf3 Nxg3 23. fxg3 Rf8 24. Rf1 Qe7 25. Qh5 Kh7 26. Rf6 Rad8 27.
Qxh6+ 1-0

[Event "Kieler Open 2017-B"]
[Site "Kiel"]
[Date "2017.07.31"]
[Round "5.24"]
[White "Röhl, Manfred"]
[Black "Ebeling, Hans-Jürgen"]
[Result "1-0"]
[WhiteElo "1781"]
[BlackElo "1584"]
[Annotator "FS"]
[PlyCount "79"]
[WhiteTeam "SK Bremen-Nord"]
[BlackTeam "Peiner SV"]

1. d4 Nf6 2. Nf3 g6 3. Nbd2 Bg7 4. e4 d6 5. Bd3 O-O 6. O-O Re8 7. Re1 c6 8. Nf1
e5 9. c3 exd4 10. Nxd4 Nbd7 11. Bc2 Nc5 12. Ng3 Qc7 13. Bf4 Bf8 14. b4 Ne6 15.
Nxe6 Bxe6 16. Be3 Rad8 17. Qc1 Bg7 18. Bg5 Rc8 19. Bd3 b6 20. Ba6 Ra8 21. a4
Bc8 22. Bd3 Bb7 23. Ra2 Nd7 24. Rae2 Ne5 25. Bb1 Ba6 26. Rd2 Nc4 27. Rdd1 Re6
28. Ne2 c5 29. b5 Bb7 30. Ba2 Rxe4 31. f3 Rxe2 32. Rxe2 Ne5 33. f4 h6 34. fxe5
hxg5 35. exd6 Qd8 36. Re7 Bc8 37. Bxf7+ Kh7 38. Qxg5 Bh6 39. Qxg6+ Kh8 40.
Qxh6# 1-0

[Event "Kieler Open 2017-B"]
[Site "Kiel"]
[Date "2017.08.01"]
[Round "6.1"]
[White "Kreutz, Ralf"]
[Black "Gerigk, Daniel"]
[Result "1-0"]
[WhiteElo "1666"]
[BlackElo "1626"]
[PlyCount "75"]
[Annotator "JG"]

1. e4 e5 2. Nf3 Nc6 3. Bc4 Bc5 4. O-O Nf6 5. d4 exd4 6. e5 d5 7. exf6 dxc4 8.
fxg7 Rg8 9. Bg5 Qd6 10. Re1+ Be6 11. Nbd2 Kd7 12. Ne4 Rxg7 13. Nxd6 cxd6 14.
Bf6 Rg4 15. h3 Rf4 16. Bg5 Rf5 17. g4 Rd5 18. Bf6 Rg8 19. Nd2 h5 20. g5 Rf5 21.
Ne4 Bb6 22. Qxh5 d5 23. Ng3 Rxf6 24. gxf6 d3 25. Kf1 dxc2 26. Qh7 Rg6 27. Rxe6
Kxe6 28. Re1+ Ne5 29. Qh8 Bd4 30. Ne2 Bxf2 31. Nf4+ Kf5 32. Qh5+ Rg5 33. Rxe5+
Kxe5 34. Qxg5+ Ke4 35. Ne2 Be3 36. Nc3+ Kd3 37. Qxd5+ Bd4 38. Qe4+ 1-0

[Event "Kieler Open 2017-B"]
[Site "Kiel"]
[Date "2017.08.01"]
[Round "6.2"]
[White "Schwerdt, Alwin Elias"]
[Black "Zielke, Bernd"]
[Result "1-0"]
[WhiteElo "1553"]
[BlackElo "1686"]
[PlyCount "45"]
[Annotator "JG"]

1. e4 c5 2. Nf3 e6 3. d4 cxd4 4. Nxd4 Be7 5. Nc3 a6 6. Be2 Nc6 7. O-O b5 8. Kh1
Bb7 9. f4 Rc8 10. Be3 d6 11. Qe1 Bf6 12. Qf2 Nxd4 13. Bxd4 e5 14. fxe5 dxe5 15.
Bxe5 Qe7 16. Bxf6 Qxf6 17. Qg3 Qh6 18. Qe5+ Ne7 19. Nd5 Bxd5 20. exd5 Rd8 21.
Rad1 Rd6 22. Rde1 Rb6 23. Bxb5+ 1-0

[Event "Kieler Open 2017-B"]
[Site "Kiel"]
[Date "2017.08.01"]
[Round "6.3"]
[White "Koch, Ralf-Johannes"]
[Black "Werner, René"]
[Result "1/2-1/2"]
[WhiteElo "1787"]
[BlackElo "1874"]
[PlyCount "86"]
[Annotator "JG"]

1. e4 c5 2. Nc3 Nc6 3. f4 d6 4. Nf3 Nf6 5. Bb5 Bd7 6. O-O e6 7. e5 dxe5 8. fxe5
Nd5 9. Nxd5 exd5 10. Qe2 Be7 11. c3 O-O 12. d4 a6 13. Bd3 cxd4 14. Nxd4 Bc5 15.
Be3 Nxe5 16. Bxh7+ Kxh7 17. Qh5+ Kg8 18. Qxe5 Qe8 19. Qg3 Qe4 20. Rae1 Qg4 21.
Qxg4 Bxg4 22. Nf5 Bxe3+ 23. Nxe3 Be6 24. Nc2 Rac8 25. Nd4 Rfe8 26. Re5 Rc7 27.
Rfe1 Rce7 28. R1e3 Kf8 29. Kf2 Bc8 30. Rxe7 Rxe7 31. Rxe7 Kxe7 32. Ke3 Kd6 33.
Kf4 g6 34. g4 Bd7 35. h4 Ke7 36. h5 gxh5 37. gxh5 Kf6 38. Nf3 Kg7 39. Kg5 f6+
40. Kh4 Kh6 41. Nd4 Bc8 42. Ne2 Bf5 43. Nf4 Be4 1/2-1/2

[Event "Kieler Open 2017-B"]
[Site "Kiel"]
[Date "2017.08.01"]
[Round "6.4"]
[White "Günther, Emil"]
[Black "Jung, Ingo"]
[Result "1/2-1/2"]
[WhiteElo "1610"]
[BlackElo "1648"]
[PlyCount "35"]
[Annotator "JG"]

1. d4 Nf6 2. Nf3 e6 3. c4 d5 4. Nc3 Be7 5. Bg5 h6 6. Bf4 O-O 7. e3 c5 8. cxd5
Nxd5 9. Nxd5 Qxd5 10. dxc5 Qxd1+ 11. Rxd1 Bxc5 12. Bb5 a6 13. Be2 Bb4+ 14. Nd2
Bd7 15. a3 Be7 16. O-O Bc6 17. Bf3 Rd8 18. Bxc6 1/2-1/2

[Event "Kieler Open 2017-B"]
[Site "Kiel"]
[Date "2017.08.01"]
[Round "6.5"]
[White "Plichta, Hans-Reiner"]
[Black "Sowa, Kay"]
[Result "0-1"]
[WhiteElo "1837"]
[BlackElo "1713"]
[PlyCount "164"]
[Annotator "JG"]

1. d4 Nf6 2. c4 c5 3. e3 g6 4. Nf3 Bg7 5. g3 O-O 6. Bg2 Qc7 7. b3 d6 8. Bb2 Bf5
9. Nc3 Nc6 10. a3 a6 11. O-O Rab8 12. Re1 b5 13. cxb5 axb5 14. Bf1 b4 15. Nb5
Qb7 16. a4 Bg4 17. h3 Bd7 18. Bg2 Qc8 19. Kh2 Na5 20. Bf1 Be6 21. Nd2 Nd5 22.
Rc1 Qd7 23. Ba1 Nc3 24. Bxc3 bxc3 25. Rxc3 cxd4 26. exd4 Nc6 27. Nc4 Nb4 28.
Ne3 Qd8 29. Qd2 Bh6 30. f4 Bd7 $13 31. Rec1 e5 32. dxe5 dxe5 33. fxe5 Bxb5 34.
Qxd8 Rfxd8 35. Bxb5 Na2 36. R1c2 Nxc3 37. Rxc3 Rd2+ 38. Kh1 Rbd8 39. Ng4 Bf8
40. Bc4 Rb2 41. Nf6+ Kg7 42. Nd5 Bc5 43. Rd3 Rb1+ 44. Kg2 Rb2+ 45. Kf1 Re8 46.
Rf3 Rxe5 47. Nc3 f5 48. Ne2 Rb1+ 49. Kg2 Re1 50. Nc3 Rg1+ 51. Kh2 Rc1 52. h4
Rc2+ 53. Kh3 Re1 54. Rf1 Rxf1 55. Bxf1 Rxc3 56. Bc4 f4 57. a5 Rxg3+ 58. Kh2 Rg1
59. b4 Be3 60. b5 Ra1 61. b6 Rxa5 62. b7 Ba7 63. Kg2 Kh6 64. Kf3 Kh5 65. Be2
Kxh4 66. Kxf4 Bb8+ 67. Kf3 Rf5+ 68. Kg2 Re5 69. Kf3 h5 70. Bd3 g5 71. Bg6 Re7
72. Be4 Kh3 73. Bf5+ Kh2 74. Bc8 h4 75. Kg4 Bf4 76. b8=Q Bxb8 77. Kxg5 h3 78.
Kf6 Re8 79. Bf5 Rh8 80. Kg7 Rh4 81. Kg6 Kg3 82. Bxh3 Rxh3 0-1

[Event "Kieler Open 2017-B"]
[Site "Kiel"]
[Date "2017.08.01"]
[Round "6.6"]
[White "Dao, Joerg"]
[Black "Viol, Joshua"]
[Result "0-1"]
[WhiteElo "1489"]
[BlackElo "1612"]
[PlyCount "92"]
[Annotator "JG"]

1. h4 d5 2. d4 Nf6 3. Nc3 Bf5 4. f3 h5 5. Nh3 e6 6. a3 c5 7. Be3 Nc6 8. Bf2
cxd4 9. Bxd4 e5 10. Bf2 d4 11. Na2 Qa5+ 12. Qd2 Bxc2 13. Qxa5 Nxa5 14. Nb4
Bxb4+ 15. axb4 Nb3 16. Ra3 Nd5 17. b5 Rc8 18. Rxa7 Bf5 19. Bg3 e4 20. fxe4 Bxe4
21. Rxb7 Ne3 22. Kf2 Ng4+ 23. Kg1 Bxb7 24. Nf2 Ne3 25. Nd3 Nd2 26. Kf2 Rh6 27.
Bf4 Ne4+ 28. Ke1 Ra8 29. Bxe3 dxe3 30. Kd1 Nf2+ 31. Nxf2 exf2 32. e3 Rg6 33.
Ke2 Bxg2 34. Rh2 Bxf1+ 35. Kxf1 Rf6 36. Rxf2 Rxf2+ 37. Kxf2 Rb8 38. Kf3 Rxb5
39. Kf4 Rxb2 40. e4 Ke7 41. Kg5 Rb5+ 42. Kf4 Ke6 43. Kf3 Ke5 44. Ke3 Rb3+ 45.
Kd2 Kxe4 46. Kc2 Rd3 0-1

[Event "Kieler Open 2017-B"]
[Site "Kiel"]
[Date "2017.08.01"]
[Round "6.7"]
[White "Salwasser, Christian"]
[Black "Zechel, Rolf-Rüdiger"]
[Result "0-1"]
[WhiteElo "1658"]
[BlackElo "1707"]
[PlyCount "34"]
[Annotator "JG"]

1. e4 c5 2. Nf3 Nc6 3. d4 cxd4 4. Nxd4 d6 5. Be3 Nf6 6. f3 g6 7. Nc3 Bg7 8. Qd2
O-O 9. O-O-O d5 10. exd5 Nxd5 11. Nxc6 bxc6 12. Nxd5 cxd5 13. Qxd5 Qc7 14. Qc4
Qe5 15. Qd4 Qb8 16. Bf4 Bxd4 17. Bxb8 Be3+ 0-1

[Event "Kieler Open 2017-B"]
[Site "Kiel"]
[Date "2017.08.01"]
[Round "6.8"]
[White "Paolella, Finnley"]
[Black "Howe, Dietrich"]
[Result "1-0"]
[WhiteElo "1633"]
[BlackElo "1508"]
[PlyCount "51"]
[Annotator "JG"]

1. e4 c5 2. Nc3 Nc6 3. g3 a6 4. Bg2 e6 5. Nge2 d6 6. O-O Nf6 7. d4 cxd4 8. Nxd4
Qc7 9. h3 Be7 10. Be3 Rb8 11. f4 e5 12. Nde2 O-O 13. f5 b5 14. g4 b4 15. Nd5
Nxd5 16. Qxd5 Bb7 17. Qd2 f6 18. g5 Ba8 19. g6 Na5 20. b3 Rfd8 21. Rad1 Rdc8
22. Qe1 hxg6 23. fxg6 f5 24. Rxf5 Qxc2 25. Rd2 Qc3 26. Nxc3 1-0

[Event "Kieler Open 2017-B"]
[Site "Kiel"]
[Date "2017.08.01"]
[Round "6.9"]
[White "van Foreest, Nanne"]
[Black "Fuhrmann, Bahne"]
[Result "1-0"]
[WhiteElo "1244"]
[BlackElo "1508"]
[PlyCount "53"]
[Annotator "JG"]

1. e4 e5 2. Nf3 Nc6 3. Bc4 Bc5 4. Nc3 d6 5. d3 Nf6 6. Bg5 h6 7. Bh4 g5 8. Bg3
g4 9. Nh4 h5 10. Qd2 Nh7 11. Nd5 Be6 12. Nf5 Bxf5 13. exf5 Nd4 14. f4 Nxf5 15.
fxe5 Nxg3 16. hxg3 dxe5 17. Rxh5 Qd6 18. Rh6 Qf8 19. Nxc7+ Ke7 20. Nxa8 Nf6 21.
Rxh8 Qxh8 22. O-O-O Qxa8 23. Re1 Qb8 24. d4 Bd6 25. dxe5 Bxe5 26. Qb4+ Qd6 27.
Rxe5+ 1-0

[Event "Kieler Open 2017-B"]
[Site "Kiel"]
[Date "2017.08.01"]
[Round "6.10"]
[White "Ebeling, Hans-Jürgen"]
[Black "Kathage, Holger"]
[Result "1/2-1/2"]
[WhiteElo "1584"]
[BlackElo "1717"]
[PlyCount "59"]
[Annotator "JG"]

1. e4 c5 2. Nc3 e6 3. f4 d6 4. Nf3 Nf6 5. Bb5+ Bd7 6. Bxd7+ Qxd7 7. O-O d5 8.
e5 Ng8 9. d4 cxd4 10. Nxd4 a6 11. a4 Bc5 12. Kh1 Ne7 13. a5 Nbc6 14. Nb3 Ba7
15. Na4 Qc7 16. Bd2 Nf5 17. Nc3 Rc8 18. Qe1 h5 19. Rc1 h4 20. h3 Ng3+ 21. Kh2
Nxf1+ 22. Qxf1 Ne7 23. Ne2 Nf5 24. c3 Qd7 25. Nbd4 Bxd4 26. Nxd4 Nxd4 27. cxd4
Rxc1 28. Qxc1 O-O 29. Qe1 Qe7 30. Bb4 1/2-1/2

[Event "Kieler Open 2017-B"]
[Site "Kiel"]
[Date "2017.08.01"]
[Round "6.11"]
[White "Müller, Bodo"]
[Black "Gerull, Dirk"]
[Result "1/2-1/2"]
[WhiteElo "1449"]
[BlackElo "1558"]
[PlyCount "39"]
[Annotator "JG"]

1. e4 d5 2. exd5 Qxd5 3. Nc3 Qd8 4. Nf3 Bf5 5. Be2 e6 6. d4 c6 7. Bf4 Bd6 8.
Bg5 Nf6 9. Nh4 Bg6 10. Nxg6 hxg6 11. h3 Qc7 12. Qd2 Bb4 13. a3 Bxc3 14. bxc3
Qa5 15. Bxf6 gxf6 16. O-O Nd7 17. Rfd1 O-O-O 18. c4 Qxd2 19. Rxd2 Nc5 20. f3
1/2-1/2

[Event "Kieler Open 2017-B"]
[Site "Kiel"]
[Date "2017.08.01"]
[Round "6.15"]
[White "Hogreve, Holger"]
[Black "Rempe, Mieke"]
[Result "1-0"]
[WhiteElo "1496"]
[BlackElo "1393"]
[PlyCount "43"]
[Annotator "JG"]

1. d4 Nf6 2. Bf4 e6 3. Nd2 d5 4. Ngf3 Nbd7 5. h3 Be7 6. e3 b6 7. Bd3 Bb7 8. c3
c5 9. Rc1 O-O 10. O-O Ne4 11. Bb1 Nxd2 12. Qxd2 Nf6 13. Qc2 Rc8 14. Be5 Ne4 15.
Bf4 Bd6 16. Bxd6 Qxd6 17. Nh2 f5 18. Nf3 Ba6 19. Rfe1 Rf6 20. Ne5 Rh6 21. Qa4
cxd4 22. Qxa6 1-0

[Event "Kieler Open 2017-B"]
[Site "Kiel"]
[Date "2017.08.01"]
[Round "6.16"]
[White "Weck, Uwe"]
[Black "Mandelkow, Lukas"]
[Result "0-1"]
[WhiteElo "1618"]
[BlackElo "1240"]
[PlyCount "76"]
[Annotator "JG"]

1. e4 e5 2. Nf3 Nc6 3. Bc4 Be7 4. O-O Nf6 5. Re1 d6 6. c3 Bg4 7. d3 O-O 8. Bg5
h6 9. Bh4 Nh7 10. Bxe7 Qxe7 11. Nbd2 Ng5 12. h3 Bh5 13. Re3 Na5 14. Bb3 c5 15.
Qf1 Nxb3 16. axb3 f5 17. exf5 Bxf3 18. Nxf3 Rxf5 19. Nxg5 Qxg5 20. g4 Rf4 21.
Ra4 a6 22. Qg2 Raf8 23. Qd5+ Kh8 24. Rxf4 Qxf4 25. Qg2 b5 26. Qg3 a5 27. Qxf4
Rxf4 28. Kg2 g5 29. f3 Kg7 30. Re4 Kf6 31. Kg3 d5 32. Re3 d4 33. Re1 a4 34. b4
dxc3 35. bxc3 cxb4 36. cxb4 Rxb4 37. h4 a3 38. Rc1 a2 0-1

[Event "Kieler Open 2017-B"]
[Site "Kiel"]
[Date "2017.08.01"]
[Round "6.17"]
[White "Stegert, Jonas"]
[Black "Steinbach, Julian"]
[Result "0-1"]
[WhiteElo "1320"]
[BlackElo "1274"]
[PlyCount "102"]
[Annotator "JG"]

1. e4 e5 2. Nf3 Nc6 3. Bc4 Bc5 4. c3 Nf6 5. d4 exd4 6. cxd4 Bb4+ 7. Nc3 Nxe4 8.
O-O Bxc3 9. bxc3 d5 10. Re1 O-O 11. Bd3 Bf5 12. Qc2 Re8 13. Ng5 Nxg5 14. Rxe8+
Qxe8 15. Bxg5 Bxd3 16. Qxd3 h6 17. Bd2 Qe4 18. Qg3 Re8 19. f3 Qg6 20. Qxg6 fxg6
21. Bf4 Re7 22. Rb1 b6 23. Kf2 Na5 24. Be5 Nc4 25. Re1 Nxe5 26. Rxe5 Rxe5 27.
dxe5 Kf7 28. Ke3 Ke6 29. f4 g5 30. g3 gxf4+ 31. gxf4 g5 32. fxg5 hxg5 33. c4
dxc4 34. Kd4 c5+ 35. Kxc4 Kxe5 36. Kb5 Kf4 37. Ka6 c4 38. Kxa7 c3 39. a4 c2 40.
Kxb6 c1=Q 41. a5 Qc8 42. a6 Qa8 43. h4 gxh4 44. a7 h3 45. Ka6 h2 46. Kb6 h1=Q
47. Kc5 Qxa7+ 48. Kc4 Qd1 49. Kb4 Qc7 50. Ka3 Qb1 51. Ka4 Qa7# 0-1